000
00250nam a2200097Ia 4500
008
220204s9999 xx 000 0 und d
082
_a
NR:63:631.11
_b
REP
245
0
_a
Replanting on smallholdings
260
_a
Kottayam
_b
Rubber Board
_c
1958
942
_c
BK
999
_c
21491
_d
21491